000 00562nam a2200193 i 4500
001 133775
003 ES-MaACL
005 20240505063026.0
007 t|
008 070829s1970 fr ||||1| fre d
080 _a821.133.1-2"19"
100 1 _aCocteau, Jean,
_d1889-1963
_939410
245 1 3 _aLa voix humaine
_b: pièce en un acte /
_cJean Costeau.
260 _a[Paris] :
_bStock,
_c[1970]
300 _a63 p. ;
_c19 p.
500 _aBiblioteca Jacinto Martínez Lacalle.
852 _aES-MaACL
_jE-12060
_bR.139980
999 _c133775
_d133775